000 00644nam a2200253Ia 4500
005 20260121161112.0
008 008 260114s9999 xx 000 0 eng d
020 _a9780429302602
037 _aEBOOK
040 _aCRL
040 _beng
040 _cCRL
041 _2eng
041 _aeng
084 _qCRL
100 _a M. Priscilla Stone; Lourdes Arizpe; Priscilla Stone; David Major
_91040212
245 0 _aPopulation And Environment
260 _bTaylor and Francis
260 _c1994
856 _uhttp://www.taylorfrancis.com/books/9780429302602
942 _cEBOOK
999 _c1607028
_d1607028